Chudley and Greeno's building construction handbook / (Record no. 43750)

MARC details
001 - CONTROL NUMBER
control field 23134932
003 - CONTROL NUMBER IDENTIFIER
control field 0000
005 - DATE AND TIME OF LATEST TRANSACTION
control field 20251014130146.0
008 - FIXED-LENGTH DATA ELEMENTS--GENERAL INFORMATION
fixed length control field 230518s2024 enk b 001 0 eng
010 ## - LIBRARY OF CONGRESS CONTROL NUMBER
LC control number 2023022162
020 ## - INTERNATIONAL STANDARD BOOK NUMBER
International Standard Book Number 9781032492889
035 ## - SYSTEM CONTROL NUMBER
System control number 23134932
040 ## - CATALOGING SOURCE
Original cataloging agency DLC
Language of cataloging eng
Description conventions rda
Transcribing agency DLC
Modifying agency DLC
042 ## - AUTHENTICATION CODE
Authentication code pcc
050 00 - LIBRARY OF CONGRESS CALL NUMBER
Classification number TH 151 .C52
082 00 - DEWEY DECIMAL CLASSIFICATION NUMBER
Classification number 690
Edition number 23/eng/20230522
100 1# - MAIN ENTRY--PERSONAL NAME
Personal name Kovac, Karl,
Relator term author.
240 10 - UNIFORM TITLE
Uniform title <a href="Building construction handbook">Building construction handbook</a>
245 10 - TITLE STATEMENT
Title Chudley and Greeno's building construction handbook /
Statement of responsibility, etc by Karl Kovac.
250 ## - EDITION STATEMENT
Edition statement 13th edition.
263 ## - PROJECTED PUBLICATION DATE
Projected publication date 2311
264 #1 - PUBLICATION, DISTRIBUTION, ETC. (IMPRINT)
Place of publication, distribution, etc Abingdon, Oxon ;
-- New York, NY :
Name of publisher, distributor, etc Routledge,
Date of publication, distribution, etc 2024.
300 ## - PHYSICAL DESCRIPTION
Extent xxvii, 700p. ill.
336 ## - CONTENT TYPE
Content type term text
Content type code txt
Source rdacontent
337 ## - MEDIA TYPE
Media type term unmediated
Media type code n
Source rdamedia
338 ## - CARRIER TYPE
Carrier type term volume
Carrier type code nc
Source rdacarrier
500 ## - GENERAL NOTE
General note Revised edtition of: Chudley and Greeno's building construction handbook / R. Chudley, Roger Greeno, Karl Kovac : Routledge, Taylor & Francis Group, 2020.
504 ## - BIBLIOGRAPHY, ETC. NOTE
Bibliography, etc Includes bibliographical references and index.
520 ## - SUMMARY, ETC.
Summary, etc "The 13th edition of Chudley and Greeno's Building Construction Handbook remains THE authoritative reference for all construction students and professionals. This new edition has been updated to reflect recent changes to the building regulations, as well as new material on modern methods of construction, greater emphasis on sustainability and health and safety. An easy-to-use resource for undergraduate and vocational students on a wide range of courses including NVQ and BTEC National, through to Higher National Certificate and Diploma, to Foundation and three-year Degree level"--
Assigning source Provided by publisher.
650 #0 - SUBJECT ADDED ENTRY--TOPICAL TERM
Topical term or geographic name as entry element Building
Form subdivision Handbooks, manuals, etc.
650 #0 - SUBJECT ADDED ENTRY--TOPICAL TERM
Topical term or geographic name as entry element Construction industry
Form subdivision Handbooks, manuals, etc.
700 1# - ADDED ENTRY--PERSONAL NAME
Personal name Chudley, R.,
Relator term author.
776 08 - ADDITIONAL PHYSICAL FORM ENTRY
Relationship information Online version:
Main entry heading Kovac, Karl.
Title Chudley and Greeno's building construction handbook.
Edition 13th edition
Place, publisher, and date of publication Abingdon, Oxon ; New York, NY : Routledge, 2024
International Standard Book Number 9781003392996
Record control number (DLC) 2023022163
906 ## - LOCAL DATA ELEMENT F, LDF (RLIN)
a 7
b cbc
c orignew
d 1
e ecip
f 20
g y-gencatlg
942 ## - ADDED ENTRY ELEMENTS (KOHA)
Source of classification or shelving scheme Library of Congress Classification
Koha item type Books
Holdings
Withdrawn status Lost status Source of classification or shelving scheme Damaged status Not for loan Permanent Location Current Location Date acquired Total Checkouts Full call number Barcode Date last seen Price effective from Koha item type
    Library of Congress Classification     NILE UNIVERSITY OF NIGERIA - MAIN LIBRARY NILE UNIVERSITY OF NIGERIA - MAIN LIBRARY 10/14/2025   TH 151 .C52 2024 0199288 10/14/2025 10/14/2025 Books
    Library of Congress Classification     NILE UNIVERSITY OF NIGERIA - MAIN LIBRARY NILE UNIVERSITY OF NIGERIA - MAIN LIBRARY 10/14/2025   TH 151 .C52 2024 0199287 10/14/2025 10/14/2025 Books